000 00295nam a22001337a 4500
008 180928b xxu||||| |||| 00| 0 eng d
020 _a9780534070502
041 _aeng
080 _a330.722.6
100 _a62
101 _aKM
245 _aManagement accounting
_cWolk,H.I
942 _2udc
_cBK
999 _c48687
_d48687